5HLuxD.jpg

KING HENRY VIII SENIOR AND PRIMARY SCHOOL LIBRARY OPAC

Batter royale / (Record no. 5759)

000 -LEADER
fixed length control field 01819nam a2200337 i 4500
001 - CONTROL NUMBER
control field pr06546014
003 - CONTROL NUMBER IDENTIFIER
control field CaOWLBI
005 - DATE AND TIME OF LATEST TRANSACTION
control field 20251029114559.0
008 - FIXED-LENGTH DATA ELEMENTS--GENERAL INFORMATION
fixed length control field 220705s2022 nyua d 6 000 f eng d
010 ## - LIBRARY OF CONGRESS CONTROL NUMBER
LC control number 2021941588
020 ## - INTERNATIONAL STANDARD BOOK NUMBER
International Standard Book Number 9781419750762
040 ## - CATALOGING SOURCE
Original cataloging agency DLC
Language of cataloging eng
Description conventions rda
Transcribing agency DLC
Modifying agency CaOWLBI
-- CaOL
-- KH8
082 ## - DEWEY DECIMAL CLASSIFICATION NUMBER
Classification number FIC ADA
100 1# - MAIN ENTRY--PERSONAL NAME
Personal name Adams, Leisl,
Relator term author,
-- illustrator.
245 10 - TITLE STATEMENT
Title Batter royale /
Statement of responsibility, etc. by Leisl Adams.
246 3# - VARYING FORM OF TITLE
Title proper/short title Battle royale.
264 #1 - PRODUCTION, PUBLICATION, DISTRIBUTION, MANUFACTURE, AND COPYRIGHT NOTICE
Place of production, publication, distribution, manufacture New York :
Name of producer, publisher, distributor, manufacturer Amulet Books,
Date of production, publication, distribution, manufacture, or copyright notice 2022.
300 ## - PHYSICAL DESCRIPTION
Extent 234 pages :
Other physical details chiefly colour illustrations ;
Dimensions 23 cm.
336 ## - CONTENT TYPE
Content type term text
Content type code txt
Source rdacontent.
336 ## - CONTENT TYPE
Content type term still image
Content type code sti
Source rdacontent.
337 ## - MEDIA TYPE
Media type term unmediated
Media type code n
Source rdamedia.
338 ## - CARRIER TYPE
Carrier type term volume
Carrier type code nc
Source rdacarrier.
520 ## - SUMMARY, ETC.
Summary, etc. "In Leisl Adams' debut graphic novel, Batter Royale, an aspiring amateur baker enters the toughest, ugliest, most fearsome fight she'll ever experience: a baking reality show. When seventeen-year-old small-town waitress Rose impresses a famous food critic, she and her best friend, Fred, find themselves thrust into the tough world of competitive baking. The contest is an intense ten days of bizarre challenges, and the competition is cutthroat. Some competitors are willing to lie, cheat, and sabotage their way to the top. Rose may be in over her head, but she is determined to show that she can become a top chef. Batter Royale is a fish-out-of-water style romantic comedy about climbing out of the circumstances you're in and making your dreams come true"--
Assigning source Provided by publisher.
586 ## - AWARDS NOTE
Awards note Red Maple nominee, 2023.
650 #0 - SUBJECT ADDED ENTRY--TOPICAL TERM
Topical term or geographic name entry element Cooking
General subdivision Competitions
Form subdivision Fiction.
650 #0 - SUBJECT ADDED ENTRY--TOPICAL TERM
Topical term or geographic name entry element Man-woman relationships
Form subdivision Fiction.
650 #0 - SUBJECT ADDED ENTRY--TOPICAL TERM
Topical term or geographic name entry element Baking
Form subdivision Fiction.
650 #7 - SUBJECT ADDED ENTRY--TOPICAL TERM
Topical term or geographic name entry element Humorous comics.
Source of heading or term genre.
650 #7 - SUBJECT ADDED ENTRY--TOPICAL TERM
Topical term or geographic name entry element Graphic novels.
Source of heading or term lcgft.
-- genre.
942 ## - ADDED ENTRY ELEMENTS (KOHA)
Source of classification or shelving scheme
Koha item type Books - Fiction
Holdings
Withdrawn status Lost status Source of classification or shelving scheme Damaged status Not for loan Collection code Permanent Location Current Location Shelving location Date acquired Full call number Barcode Date last seen Price effective from Koha item type
          Fiction KH8 Senior School Library KH8 Senior School Library Fiction 2025-10-29 FIC ADA 3KHSL000102489 2025-11-21 2025-10-29 Books - Fiction

Powered By KH8 IT Dept